Farmland Market (Record no. 118593)
[ view plain ]
| 000 -LEADER | |
|---|---|
| fixed length control field | 01180cas a22002415a 4500 |
| 001 - CONTROL NUMBER | |
| control field | ##L313 |
| 008 - FIXED-LENGTH DATA ELEMENTS--GENERAL INFORMATION | |
| fixed length control field | 070608d19742005xxkfr p 0 a0eng |
| 022 1# - INTERNATIONAL STANDARD SERIAL NUMBER | |
| International Standard Serial Number | 1364-9515 |
| 035 ## - SYSTEM CONTROL NUMBER | |
| System control number | (Sirsi) u98938 |
| 041 0# - LANGUAGE CODE | |
| Language code of text/sound track or separate title | eng |
| 245 00 - TITLE STATEMENT | |
| Title | Farmland Market |
| 260 ## - PUBLICATION, DISTRIBUTION, ETC. | |
| Place of publication, distribution, etc. | Sutton |
| Name of publisher, distributor, etc. | Reed Business Publishing |
| Date of publication, distribution, etc. | 1974-2011 |
| 362 ## - DATES OF PUBLICATION AND/OR SEQUENTIAL DESIGNATION | |
| Dates of publication and/or sequential designation | (1) February 1974-(64) Autumn 2005 |
| 520 ## - SUMMARY, ETC. | |
| Summary, etc. | Published in association with RICS this journal provides latest livestock quota values, milk quota index figures, details of the cost of long term finance and farmland values for Europe and North America. Figures from MAFF/DEFRA, the RICS Farmland Price Index, the RICS Rural Land Market Survey Great Britain, IPD, and FPD Savills are given for England and Wales together with a county by county analysis. |
| 520 ## - SUMMARY, ETC. | |
| Summary, etc. | Last issue was in 2011. After this RICS published digitally the Farmland Market Directory of Land Prices. |
| 650 24 - SUBJECT ADDED ENTRY--TOPICAL TERM | |
| Topical term or geographic name entry element | RICS FARMLAND PRICE INDEX |
| 650 24 - SUBJECT ADDED ENTRY--TOPICAL TERM | |
| Topical term or geographic name entry element | RICS RURAL LAND MARKET SURVEY GREAT BRITAIN |
| 651 #4 - SUBJECT ADDED ENTRY--GEOGRAPHIC NAME | |
| Geographic name | EUROPE |
| 651 #4 - SUBJECT ADDED ENTRY--GEOGRAPHIC NAME | |
| Geographic name | NORTH AMERICA |
| 690 ## - LOCAL SUBJECT ADDED ENTRY--TOPICAL TERM (OCLC, RLIN) | |
| Topical term or geographic name as entry element | PROPERTY-RURAL AND NATURAL ASSETS-RURAL AND NATURAL ASSET MARKET |
| 942 ## - ADDED ENTRY ELEMENTS (KOHA) | |
| Suppress in OPAC | 0 |
| Source of classification or shelving scheme | Dewey Decimal Classification |
| 948 ## - LOCAL PROCESSING INFORMATION (OCLC); SERIES PART DESIGNATOR (RLIN) | |
| c (OCLC) | 19/09/1994 |
| Withdrawn status | Lost status | Source of classification or shelving scheme | Damaged status | Not for loan | Home library | Current library | Shelving location | Date acquired | Total Checkouts | Full call number | Barcode | Date last seen | Copy number | Price effective from | Koha item type |
|---|---|---|---|---|---|---|---|---|---|---|---|---|---|---|---|
| Dewey Decimal Classification | London | London | Gallery | 20/10/2004 | FARMLAND MARKET (FEB 1974 - ) | 98938-1001 | 06/08/2019 | 1 | 06/08/2019 | Reference material |